00922nam a2200301 a 450000100060000000300080000600500170001400800410003102000150007203500190008704000270010604100080013306000180014108200250015910000210018424501040020525000120030926000420032130000330036350400530039665000160044965000370046565000190050265000140052165000130053565000370054870000350058573105BD-RjUL20211209082341.0170528s1975 paua b 001 0 eng d a0812104757 a(BD-RjUL)73323 aDLCcDLCdBD-RjULbeng aeng aWE103.3 R223k00a612.76223bRAK 19751 aRasch, Philip J.10aKinesiology and Applied Anatomy :bthe science of human movement /cPhilip J. Rasch, Roger K. Burke a5th ed. aPhiladelphia :bLea & Febiger,c1975. axi, 604 p. :bill. ;c27 cm. aIncludes bibliographical references and indexes. 0aKinesiology 0aPhysical education and training. 0aHuman anatomy. 2aMovement. 2aMuscles. 2aPhysical education and training.1 aBurke, Roger K.ejoint author.